000 01059cam a22002655a 4500
001 L158083
008 121219s2014 xxk f 000 0 eng d
020 _a9781848063679
035 _a(Sirsi) u158083
041 0 _aeng
100 1 _aScivyer, Chris
245 0 0 _aRadon solutions in older homes
260 _aWatford
_bBRE
_c2014
300 _a8p.
_bill.
_c30cm.
490 0 _aBRE Good Repair Guide
_v(38)
520 _aThe guide offers guidance to builders and homeowners carrying out installation works to reduce indoor radon levels in older homes. It describes the different construction features found in these properties and explains how commonly used radon remedial measures can be tailored to suit older buildings, including those that are listed buildings or located within conservation areas.
521 _aIntroductory
650 2 4 _aRADON PROTECTION
650 2 4 _aRADON GAS
650 2 4 _aLISTED BUILDINGS
651 4 _aUnited Kingdom
_y
690 _aHealth and safety
_96244
690 _aBuilding materials and defects
942 _n0
999 _c115130
_d115130